| 000 | 00378nam a2200157Ia 4500 | ||
|---|---|---|---|
| 003 | OSt | ||
| 005 | 20240311112614.0 | ||
| 008 | 170523s9999 xx 000 0 und d | ||
| 020 | _a978-0071129169 | ||
| 040 | _ciimtu meerut | ||
| 100 | _aBOWERSON- COOPER | ||
| 245 | 0 | _aSTRATEGIC MARKETING CHANNEL MANAGEMENT | |
| 260 | _bTATA MC GRAW HILL | ||
| 260 | _c2004 | ||
| 942 |
_2ddc _c02 |
||
| 999 |
_c1332 _d1332 |
||